[Event "GRE-chT 50th"]
[Site "Nikaia"]
[Date "2023.08.25"]
[Round "1.7"]
[White "Pletsia, Konstantina"]
[Black "Tsekoura, Stavroula"]
[Result "1-0"]
[WhiteElo "1149"]
[BlackElo "1444"]
[PlyCount "161"]
[EventDate "2023.08.25"]
[EventType "team"]
[EventRounds "9"]
[EventCountry "GRE"]
[SourceTitle "EXT 2024"]
[Source "ChessBase"]
[SourceDate "2023.10.10"]
[SourceVersion "1"]
[SourceVersionDate "2023.10.10"]
[SourceQuality "1"]
[WhiteTeam "Peristeriou PS"]
[BlackTeam "Ames Neas Erythreas"]
[WhiteTeamCountry "GRE"]
[BlackTeamCountry "GRE"]

1. Nf3 Nf6 2. g3 d5 3. Bg2 e6 4. d4 Be7 5. c4 0-0 6. 0-0 Nbd7 7. Qc2 b6 8. Nc3 Bb7 9. Re1 Rc8 10. cxd5 exd5 11. Nb5 a6 12. Na7 Ra8 13. Nc6 Bxc6 14. Qxc6 Ra7 15. Bd2 Nb8 16. Qc2 c5 17. Rac1 Nc6 18. dxc5 bxc5 19. Red1 Qb6 20. Bg5 Nb4 21. Qb1 Rd8 22. a3 Nc6 23. Qc2 Na5 24. Rb1 Nc4 25. Nd2 Nxd2 26. Rxd2 d4 27. Rdd1 h6 28. Bf4 Qe6 29. Bc1 Rad7 30. Bf4 Nd5 31. Bc1 Nb6 32. Qe4 Qb3 33. Qd3 Qc4 34. Qxc4 Nxc4 35. Bh3 Rb7 36. Bg2 Rb6 37. Ra1 Nxb2 38. Rd2 Nc4 39. Rc2 Ne5 40. Bf4 f6 41. Bd2 Rdb8 42. Bd5+ Kh8 43. Raa2 Rd6 44. Be4 Rdb6 45. Kg2 Rb3 46. Bd5 Rb1 47. f4 Nd7 48. Bc4 Ra8 49. e3 a5 50. exd4 cxd4 51. Bd3 Nc5 52. Rxc5 Rb3 53. Bc4 Rxa3 54. Rxa3 Bxc5 55. Rxa5 Rxa5 56. Bxa5 g6 57. Kf3 Kg7 58. Ke4 h5 59. Kd5 Ba7 60. Be1 f5 61. Bf2 Bb8 62. Bxd4+ Kh6 63. Ke6 Bc7 64. Kf7 Bd8 65. Bf6 Bc7 66. Be5 Bd8 67. Bd4 Kh7 68. Kf8 h4 69. Bf2 hxg3 70. Bxg3 Kh6 71. Kf7 Kh7 72. Be2 Kh6 73. Ke6 Kg7 74. Bd3 Kh6 75. Be2 Kg7 76. Bd1 Kh6 77. Bc2 Bc7 78. Bxf5 gxf5 79. Kxf5 Kh5 80. Ke6 Kg6 81. f5+ 1-0

[Event "GRE-ch U20 Girls"]
[Site "Trikala"]
[Date "2023.04.19"]
[Round "3"]
[White "Christodoulou, Georgia"]
[Black "Tsekoura, Stavroula"]
[Result "1-0"]
[WhiteElo "1575"]
[BlackElo "1511"]
[PlyCount "167"]
[EventDate "2023.04.18"]
[EventType "swiss"]
[EventRounds "9"]
[EventCountry "GRE"]
[SourceTitle "EXT 2024"]
[Source "ChessBase"]
[SourceDate "2023.10.10"]
[SourceVersion "1"]
[SourceVersionDate "2023.10.10"]
[SourceQuality "1"]

1. Nf3 d5 2. g3 Nd7 3. d4 Nb6 4. Bg2 Bf5 5. Nbd2 e6 6. 0-0 Nf6 7. b3 Be7 8. Bb2 0-0 9. c4 c6 10. Nh4 Bg4 11. h3 Bh5 12. Bf3 Bxf3 13. Nhxf3 Nbd7 14. Qc2 Rc8 15. Rac1 Nh5 16. e4 dxe4 17. Nxe4 Nhf6 18. Nfd2 Nxe4 19. Nxe4 Nf6 20. Rfd1 Qa5 21. Bc3 Qh5 22. Kg2 Rfd8 23. a4 Nd7 24. Nd2 Bg5 25. Qe4 Nf6 26. Qe1 Qg6 27. Kh2 Qf5 28. f4 Bh6 29. Nf3 Qe4 30. Qf2 Ne8 31. Re1 Qf5 32. Nh4 Qf6 33. d5 Qe7 34. Nf5 Qd7 35. Nxh6+ gxh6 36. dxe6 fxe6 37. Qe2 Nc7 38. Rcd1 Qf7 39. Qe5 Kf8 40. Bb4+ Kg8 41. Bd6 Re8 42. Bxc7 Rxc7 43. Rd6 Rce7 44. Red1 Qf5 45. R1d2 Qxe5 46. fxe5 Rf7 47. Kg2 Ree7 48. Rf2 Rxf2+ 49. Kxf2 Kf7 50. Kf3 Kg6 51. Ke4 c5 52. Rd8 Rc7 53. Rf8 Kg7 54. Rf6 Re7 55. a5 Re8 56. Kf4 Re7 57. Kg4 Re8 58. Kh5 Re7 59. Rxh6 Re8 60. Rf6 Re7 61. g4 Re8 62. g5 Re7 63. Kg4 Re8 64. h4 Re7 65. h5 Re8 66. Kf4 Re7 67. Ke4 Re8 68. Kd3 Re7 69. Kc3 b6 70. Kb2 bxa5 71. Ka3 Re8 72. Ka4 Rb8 73. Rxe6 Kf7 74. Rc6 Rg8 75. g6+ hxg6 76. hxg6+ Rxg6 77. Rxg6 Kxg6 78. Kxa5 Kf5 79. Kb5 Kxe5 80. Kxc5 Ke6 81. Kb5 Kd6 82. Ka6 Kc5 83. Kxa7 Kb4 84. Kb6 1-0

[Event "GRE-ch U20 Girls"]
[Site "Trikala"]
[Date "2022.08.31"]
[Round "9"]
[White "Karavitaki, Antonia"]
[Black "Tsekoura, Stavroula"]
[Result "1/2-1/2"]
[WhiteElo "1456"]
[BlackElo "1381"]
[PlyCount "107"]
[EventDate "2022.08.25"]
[EventType "swiss"]
[EventRounds "9"]
[EventCountry "GRE"]
[SourceTitle "CBM 210 Extra"]
[Source "ChessBase"]
[SourceDate "2022.11.30"]
[SourceVersion "1"]
[SourceVersionDate "2022.11.30"]
[SourceQuality "1"]

1. d4 d5 2. c4 e6 3. Nc3 Nf6 4. cxd5 exd5 5. Bg5 Be7 6. e3 0-0 7. Bd3 Nbd7 8. Nge2 b6 9. 0-0 Bb7 10. Qc2 c5 11. Rad1 cxd4 12. Nxd4 Rc8 13. Qb1 a6 14. Bf5 h6 15. Bh4 Qc7 16. Rc1 Qd8 17. Rfd1 Ne4 18. Bxe7 Qxe7 19. Nde2 Nef6 20. Nf4 Qd6 21. Rd4 Rcd8 22. Rcd1 Qe7 23. Nfxd5 Nxd5 24. Nxd5 Bxd5 25. Rxd5 Nc5 26. b4 Na4 27. Qb3 b5 28. a3 Qf6 29. R1d4 Rxd5 30. Qxd5 Nc3 31. Qf3 Ne2+ 32. Qxe2 Qxf5 33. Qd1 Rc8 34. Rd6 Rc2 35. Qe1 Qc8 36. Rd1 Qc4 37. Ra1 Qb3 38. Qd1 Qc3 39. h3 Rd2 40. Qc1 Qxc1+ 41. Rxc1 Ra2 42. Rc3 Ra1+ 43. Kh2 g6 44. Kg3 Kg7 45. Kf3 Ra2 46. Kg3 h5 47. f4 f5 48. Kf3 h4 49. Rd3 Kh6 50. Rc3 Kg7 51. Rd3 Kh6 52. Rc3 Kg7 53. Rd3 Kh6 54. Rc3 1/2-1/2

[Event "GRE-ch U20 Girls"]
[Site "Trikala"]
[Date "2022.08.28"]
[Round "6"]
[White "Platsaki, Evgenia Valeria"]
[Black "Tsekoura, Stavroula"]
[Result "1-0"]
[WhiteElo "1440"]
[BlackElo "1381"]
[PlyCount "113"]
[EventDate "2022.08.25"]
[EventType "swiss"]
[EventRounds "9"]
[EventCountry "GRE"]
[SourceTitle "CBM 210 Extra"]
[Source "ChessBase"]
[SourceDate "2022.11.30"]
[SourceVersion "1"]
[SourceVersionDate "2022.11.30"]
[SourceQuality "1"]

1. d4 d5 2. c4 e6 3. Nc3 Nf6 4. cxd5 exd5 5. Bg5 Be7 6. e3 Nbd7 7. Bd3 0-0 8. Qc2 h6 9. Bh4 b6 10. Nf3 Bb7 11. 0-0 c5 12. dxc5 Nxc5 13. Rad1 Qc7 14. Bg3 Qd8 15. Rd2 Nxd3 16. Qxd3 Bb4 17. Rc2 Bxc3 18. Rxc3 Ne4 19. Rc2 Rc8 20. Rfc1 Nxg3 21. Rxc8 Bxc8 22. hxg3 Bb7 23. Qc3 Qc8 24. Qd2 Qd7 25. Qd4 Re8 26. Rd1 Qb5 27. a4 Qc6 28. b3 Qc2 29. Qd3 Rc8 30. Nd4 Qxd3 31. Rxd3 Rc1+ 32. Kh2 a6 33. Nf5 Rc7 34. Rd4 a5 35. Nd6 Ba8 36. Nb5 Rc2 37. f3 Kh7 38. g4 Rc8 39. Kg3 Kg6 40. f4 Re8 41. Nc7 Rc8 42. Nxa8 Rxa8 43. Rxd5 Re8 44. Kf3 Rb8 45. Ke4 f6 46. Kd4 Rb7 47. e4 Kf7 48. e5 Ke7 49. exf6+ gxf6 50. Rh5 Rb8 51. Rxh6 Rg8 52. Rh7+ Ke6 53. Rh4 Rg7 54. Kc4 Kd6 55. Rh6 Ke6 56. g5 Kf7 57. Rxf6+ 1-0

[Event "GRE-ch U18 Girls"]
[Site "Chania"]
[Date "2021.07.18"]
[Round "6"]
[White "Tagkalaki, Ioanna Lambrini"]
[Black "Tsekoura, Stavroula"]
[Result "0-1"]
[WhiteElo "1172"]
[BlackElo "1361"]
[PlyCount "148"]
[EventDate "2021.07.15"]
[EventType "swiss"]
[EventRounds "9"]
[EventCountry "GRE"]
[SourceTitle "EXT 2022"]
[Source "ChessBase"]
[SourceDate "2021.10.06"]
[SourceVersion "1"]
[SourceVersionDate "2021.10.06"]
[SourceQuality "1"]

1. e4 c5 2. g3 Nc6 3. Bg2 g6 4. f4 Bg7 5. Nf3 d6 6. c3 e6 7. d3 Nge7 8. Be3 0-0 9. 0-0 Rb8 10. Nbd2 b6 11. d4 Ba6 12. Re1 cxd4 13. Nxd4 Nxd4 14. cxd4 Qd7 15. Nf3 Rbc8 16. h3 Rc7 17. Qd2 Rfc8 18. Rac1 Nc6 19. b3 h6 20. Red1 Bf8 21. d5 exd5 22. Qxd5 Nb4 23. Rxc7 Rxc7 24. Qd2 Nc2 25. Bf2 Qc8 26. g4 Na3 27. Nd4 Nb5 28. f5 Nxd4 29. Qxd4 g5 30. h4 Rc1 31. hxg5 Rxd1+ 32. Qxd1 hxg5 33. Be3 Be7 34. Qd4 Qc5 35. Qd2 Qe5 36. Bxg5 f6 37. Bf4 Qc5+ 38. Kh2 Kg7 39. g5 fxg5 40. Bxg5 Qe5+ 41. Kh3 Kf7 42. Bxe7 Kxe7 43. Qg5+ Kd7 44. Bf3 Qh8+ 45. Kg4 Bf1 46. Qh5 Qg7+ 47. Qg6 Qd4 48. Qf7+ Kc8 49. Qg8+ Kc7 50. Qf7+ Kb8 51. Qg6 Qg1+ 52. Kf4 Qh2+ 53. Ke3 Qxa2 54. Qxd6+ Kc8 55. Qc6+ Kd8 56. Qd5+ Ke8 57. Bh5+ Ke7 58. Qe6+ Kd8 59. f6 Bh3 60. Qd6+ Kc8 61. Qc6+ Kb8 62. Qd5 Qb2 63. f7 Qc3+ 64. Kf4 Qf6+ 65. Qf5 Bxf5 66. exf5 Kc7 67. Bg6 Kd6 68. Kg4 Ke7 69. Kh5 Kf8 70. Kh6 Qh4+ 71. Bh5 Qf4+ 72. Kg6 a5 73. Be2 Qg3+ 74. Kf6 Qxb3 0-1

[Event "GRE-ch South U14 Girls"]
[Site "Athens"]
[Date "2020.09.03"]
[Round "7"]
[White "Tsekoura, Vaia"]
[Black "Tsekoura, Stavroula"]
[Result "1-0"]
[WhiteElo "1658"]
[BlackElo "1348"]
[PlyCount "107"]
[EventDate "2020.08.28"]
[EventType "swiss"]
[EventRounds "7"]
[EventCountry "GRE"]
[SourceTitle "EXT 2023"]
[Source "ChessBase"]
[SourceDate "2022.10.05"]
[SourceVersion "1"]
[SourceVersionDate "2022.10.05"]
[SourceQuality "1"]

1. e4 e5 2. Nf3 Nc6 3. Bb5 d6 4. Bxc6+ bxc6 5. Nc3 Nf6 6. d4 exd4 7. Nxd4 Bb7 8. Qd3 g6 9. f3 Bg7 10. Be3 0-0 11. 0-0-0 Re8 12. Bf2 d5 13. exd5 cxd5 14. Nde2 a5 15. g4 c6 16. h4 Ba6 17. Qd2 Rb8 18. Ng3 Nd7 19. f4 Nb6 20. b3 Qf6 21. Be1 Rxe1 22. Rdxe1 Qxc3 23. Qxc3 Bxc3 24. Re3 Bg7 25. Rhe1 a4 26. Re8+ Rxe8 27. Rxe8+ Bf8 28. Rb8 Nd7 29. Ra8 Bb5 30. bxa4 Nb6 31. Rxf8+ Kxf8 32. axb5 cxb5 33. Ne2 Ke8 34. Nd4 b4 35. Nc6 Kd7 36. Nxb4 Kd6 37. Kd2 Nc4+ 38. Kd3 f5 39. gxf5 gxf5 40. Kd4 Nb6 41. h5 h6 42. a3 Nc4 43. a4 Na5 44. Nxd5 Nc6+ 45. Kc4 Na5+ 46. Kb5 Kxd5 47. Kxa5 Ke4 48. c4 Kxf4 49. c5 Kg5 50. c6 Kxh5 51. c7 Kg4 52. c8Q h5 53. Qg8+ Kf4 54. Qg2 1-0

[Event "GRE-ch South U14 Girls"]
[Site "Athens"]
[Date "2020.09.01"]
[Round "5"]
[White "Tsekoura, Stavroula"]
[Black "Kratimenou, Maria"]
[Result "1/2-1/2"]
[WhiteElo "1348"]
[BlackElo "1406"]
[PlyCount "102"]
[EventDate "2020.08.28"]
[EventType "swiss"]
[EventRounds "7"]
[EventCountry "GRE"]
[SourceTitle "EXT 2023"]
[Source "ChessBase"]
[SourceDate "2022.10.05"]
[SourceVersion "1"]
[SourceVersionDate "2022.10.05"]
[SourceQuality "1"]

1. e4 c5 2. Nc3 a6 3. d3 b5 4. Be3 e6 5. Qd2 Bb7 6. Nd1 Be7 7. f4 Nc6 8. Nf3 Nf6 9. h3 h5 10. g3 Rc8 11. Bg2 c4 12. 0-0 cxd3 13. cxd3 Nb4 14. Nc3 d5 15. e5 Nd7 16. a3 Nc6 17. Rac1 Nc5 18. Bxc5 Bxc5+ 19. Kh2 Qb6 20. Rc2 h4 21. g4 Be3 22. Qe2 Bxf4+ 23. Kh1 Bg3 24. Nd1 0-0 25. Rc3 Nd4 26. Qe3 Bf4 27. Qxd4 Qxd4 28. Nxd4 Bxe5 29. Rxc8 Rxc8 30. Nf3 Bf6 31. g5 Be7 32. Ne3 d4 33. Nxd4 Bxg2+ 34. Kxg2 Bxg5 35. Ndc2 Rd8 36. Rd1 Rc8 37. Kf3 f5 38. Ne1 Kf7 39. d4 Rd8 40. d5 Bxe3 41. dxe6+ Ke7 42. Rxd8 Kxd8 43. Kxe3 Ke7 44. Nf3 Kxe6 45. Nxh4 g5 46. Ng2 Ke5 47. Ne1 Kd5 48. Kd3 Ke5 49. Ke3 Kd5 50. Kd3 Ke5 51. Ke3 Kd5 1/2-1/2

[Event "GRE-ch South U14 Girls"]
[Site "Athens"]
[Date "2020.08.31"]
[Round "4"]
[White "Athanasiou, Soumela"]
[Black "Tsekoura, Stavroula"]
[Result "1/2-1/2"]
[WhiteElo "1301"]
[BlackElo "1348"]
[PlyCount "139"]
[EventDate "2020.08.28"]
[EventType "swiss"]
[EventRounds "7"]
[EventCountry "GRE"]
[SourceTitle "EXT 2023"]
[Source "ChessBase"]
[SourceDate "2022.10.05"]
[SourceVersion "1"]
[SourceVersionDate "2022.10.05"]
[SourceQuality "1"]

1. c4 Nf6 2. Nc3 e6 3. Nf3 d5 4. d4 Be7 5. e3 Nbd7 6. Be2 0-0 7. 0-0 b6 8. cxd5 exd5 9. Ne5 Bb7 10. Nd3 Ne4 11. Nf4 Ndf6 12. Bd3 Re8 13. Nxe4 Nxe4 14. Bxe4 dxe4 15. Qg4 Bc8 16. Qh5 Bg5 17. Nh3 Bf6 18. Nf4 g6 19. Qd5 Ba6 20. Re1 Bg5 21. Qxd8 Raxd8 22. Ne2 Bf6 23. Nc3 Bg7 24. f3 exf3 25. gxf3 Bxd4 26. Bd2 Bg7 27. Red1 c5 28. e4 Bb7 29. Kf2 Be5 30. Kg2 Bg7 31. Kf2 Rd7 32. Bg5 Bd4+ 33. Kg2 Bc6 34. Rab1 f6 35. Bh6 Red8 36. Ne2 Be5 37. Rxd7 Rxd7 38. Be3 Rd3 39. Bf4 Bxf4 40. Nxf4 Rd2+ 41. Kg3 Kf7 42. Ng2 Bb5 43. Ne1 h5 44. h4 Be2 45. Kf4 Bb5 46. Kg3 Ba6 47. a3 Bd3 48. Nxd3 Rxd3 49. Kf4 Rb3 50. Rd1 Ke7 51. Rd2 c4 52. Rg2 Kf7 53. Rd2 Ke7 54. Rg2 Kf7 55. Rd2 Rd3 56. Rc2 b5 57. Re2 Rd4 58. Ke3 Rd3+ 59. Kf4 Rd4 60. Ke3 Rd7 61. Kf4 a6 62. Rc2 Rd3 63. Re2 c3 64. bxc3 Rxc3 65. Ra2 a5 66. Rb2 Rc5 67. Ke3 Rc3+ 68. Kf4 Rc5 69. Ke3 Rc3+ 70. Kf4 1/2-1/2

[Event "GRE-ch South U14 Girls"]
[Site "Athens"]
[Date "2020.08.29"]
[Round "2"]
[White "Karavitaki, Antonia"]
[Black "Tsekoura, Stavroula"]
[Result "1-0"]
[WhiteElo "1475"]
[BlackElo "1348"]
[PlyCount "95"]
[EventDate "2020.08.28"]
[EventType "swiss"]
[EventRounds "7"]
[EventCountry "GRE"]
[SourceTitle "EXT 2023"]
[Source "ChessBase"]
[SourceDate "2022.10.05"]
[SourceVersion "1"]
[SourceVersionDate "2022.10.05"]
[SourceQuality "1"]

1. d4 Nf6 2. c4 e5 3. dxe5 Ng4 4. Bf4 g5 5. Bg3 Bg7 6. Nf3 Nc6 7. e3 Ngxe5 8. Nxe5 Nxe5 9. Nc3 d6 10. Rc1 Be6 11. b3 Qd7 12. Be2 a6 13. c5 d5 14. b4 0-0 15. a4 Rfd8 16. 0-0 Ng6 17. Qd2 h6 18. Rfd1 d4 19. exd4 Bxd4 20. Qc2 Qe7 21. Bf3 c6 22. Bd6 Qf6 23. Ne4 Qg7 24. Qb1 Bf5 25. Re1 Re8 26. g3 g4 27. Bg2 Ne5 28. Qb3 Nd7 29. Nd2 Be6 30. Qc2 Bf6 31. Nc4 Bg5 32. Rcd1 Rad8 33. Bc7 Rc8 34. Bd6 Rcd8 35. Bc7 Rc8 36. Bd6 Rcd8 37. Ne3 Bf6 38. b5 axb5 39. axb5 cxb5 40. Bxb7 Ne5 41. Kh1 Bc8 42. Bg2 Nf3 43. Bxf3 gxf3 44. c6 Be5 45. Bb4 Bc7 46. Nd5 Rxe1+ 47. Rxe1 Qg4 48. Nf6+ 1-0

[Event "GRE-ch U20 Girls"]
[Site "Trikala"]
[Date "2020.08.17"]
[Round "1"]
[White "Strati, Betty Anna"]
[Black "Tsekoura, Stavroula"]
[Result "1-0"]
[WhiteElo "1734"]
[BlackElo "1348"]
[PlyCount "81"]
[EventDate "2020.08.17"]
[EventType "swiss"]
[EventRounds "9"]
[EventCountry "GRE"]
[SourceTitle "CBM 198 Extra"]
[Source "ChessBase"]
[SourceDate "2020.11.30"]
[SourceVersion "1"]
[SourceVersionDate "2020.11.30"]
[SourceQuality "1"]

1. d4 d5 2. c4 e6 3. Nc3 Nf6 4. cxd5 exd5 5. Bg5 Be7 6. Qc2 0-0 7. e3 c6 8. Bd3 h6 9. Bh4 Nbd7 10. Nge2 Re8 11. 0-0 Nb6 12. f3 Bd7 13. Rae1 Qc7 14. Bf2 Bd6 15. Ng3 Rad8 16. e4 dxe4 17. fxe4 Ng4 18. e5 Bf8 19. Nge4 Nxf2 20. Qxf2 Be6 21. Qg3 Kh8 22. Rc1 Qd7 23. Ne2 Qd5 24. Bb1 Qb5 25. Nf4 Qxb2 26. Nxe6 Rxe6 27. Nc3 Rxd4 28. Rc2 Qb4 29. Rxf7 Rd7 30. Rcf2 Rxf7 31. Rxf7 Kg8 32. Rxb7 Qd4+ 33. Kh1 Qxe5 34. Qxe5 Rxe5 35. g3 Re7 36. Rb8 Kf7 37. Bc2 Re1+ 38. Kg2 Rc1 39. Bb3+ Kg6 40. Ne2 Bd6 41. Rxb6 1-0

[Event "GRE-ch U12 Girls"]
[Site "Rio Achaia"]
[Date "2018.07.08"]
[Round "8"]
[White "Tsekoura, Stavroula"]
[Black "Vakali, Ariadni"]
[Result "1-0"]
[WhiteElo "1120"]
[BlackElo "1105"]
[PlyCount "161"]
[EventDate "2018.07.03"]
[EventType "swiss"]
[EventRounds "9"]
[EventCountry "GRE"]
[SourceTitle "EXT 2019"]
[Source "ChessBase"]
[SourceDate "2018.10.10"]
[SourceVersion "1"]
[SourceVersionDate "2018.10.10"]
[SourceQuality "1"]

1. e4 e5 2. Nf3 Nc6 3. Bb5 a6 4. Bxc6 dxc6 5. d4 exd4 6. Qxd4 Qxd4 7. Nxd4 Bc5 8. Ne2 Nf6 9. f3 0-0 10. Nbc3 Be6 11. Bd2 Rfd8 12. 0-0-0 Rd7 13. Bf4 Bb6 14. Rxd7 Nxd7 15. Rd1 Nc5 16. h3 Bc4 17. g4 Ne6 18. Bg3 Rd8 19. Rxd8+ Nxd8 20. Kd2 Ba5 21. f4 Bxa2 22. b3 Ne6 23. Kd1 Bxc3 24. Nxc3 Bxb3 25. cxb3 Nc5 26. Kc2 a5 27. f5 Na6 28. Na2 Nc5 29. e5 Ne4 30. Be1 Ng5 31. Bxa5 Nxh3 32. Bxc7 Nf2 33. g5 Ne4 34. Bd8 g6 35. fxg6 hxg6 36. Nc3 Nxc3 37. Kxc3 Kf8 38. Kc4 Ke8 39. Bf6 Kd7 40. b4 Kc7 41. b5 Kd7 42. Kc5 cxb5 43. Kxb5 Kc7 44. Kc5 Kd7 45. Kb6 Kc8 46. Kb5 Kc7 47. Kc5 Kd7 48. Kd5 b6 49. Kc4 Kc6 50. Kb4 b5 51. Be7 Kb6 52. Bc5+ Kc6 53. Be7 Kb6 54. Kc3 Kc6 55. Kd4 Kd7 56. Bf6 Kc6 57. Bg7 Kb6 58. Kd5 b4 59. e6 fxe6+ 60. Kxe6 Ka5 61. Kf7 Ka4 62. Kxg6 Ka3 63. Kh7 b3 64. g6 b2 65. Bxb2+ Kxb2 66. g7 Kc3 67. g8Q Kd4 68. Qe6 Kc5 69. Qd7 Kc4 70. Kg6 Kc5 71. Kf5 Kc4 72. Ke4 Kc5 73. Qd5+ Kb4 74. Qc6 Kb3 75. Kd3 Kb4 76. Qc4+ Ka5 77. Qb3 Ka6 78. Kc4 Ka7 79. Kc5 Ka8 80. Kc6 Ka7 81. Qb7# 1-0

[Event "GRE-ch U12 Girls"]
[Site "Rio Achaia"]
[Date "2018.07.07"]
[Round "7"]
[White "Tzortzidi, Anna Maria"]
[Black "Tsekoura, Stavroula"]
[Result "1-0"]
[WhiteElo "1060"]
[BlackElo "1120"]
[PlyCount "91"]
[EventDate "2018.07.03"]
[EventType "swiss"]
[EventRounds "9"]
[EventCountry "GRE"]
[SourceTitle "EXT 2019"]
[Source "ChessBase"]
[SourceDate "2018.10.10"]
[SourceVersion "1"]
[SourceVersionDate "2018.10.10"]
[SourceQuality "1"]

1. e4 e5 2. Nf3 Nc6 3. Bc4 Be7 4. d4 exd4 5. Nxd4 Nf6 6. Nc3 Bb4 7. Nxc6 bxc6 8. Bd3 0-0 9. 0-0 Bb7 10. Bg5 h6 11. Bf4 Re8 12. e5 Bxc3 13. bxc3 Nd5 14. Bg3 Nxc3 15. Qg4 Qe7 16. Rfe1 Nd5 17. Bh4 Qb4 18. c4 Bc8 19. f4 d6 20. Qg3 Qc5+ 21. Kh1 Ne7 22. Bxe7 Rxe7 23. f5 Kf8 24. f6 gxf6 25. exf6 Rxe1+ 26. Rxe1 Qg5 27. Qxg5 hxg5 28. Re7 d5 29. Rxc7 Be6 30. cxd5 Bxd5 31. a4 Re8 32. Kg1 Ra8 33. Kf2 Ke8 34. g3 Kd8 35. Re7 g4 36. Ba6 c5 37. Ke3 Be6 38. Ke4 Bc8 39. Bxc8 Rxc8 40. Rxf7 c4 41. Rf8+ Kd7 42. Rxc8 Kxc8 43. f7 c3 44. f8Q+ Kb7 45. Qb4+ Ka6 46. Qb5# 1-0

[Event "GRE-ch U12 Girls"]
[Site "Rio Achaia"]
[Date "2018.07.06"]
[Round "5"]
[White "Mplitsa, Artemis"]
[Black "Tsekoura, Stavroula"]
[Result "1-0"]
[WhiteElo "1182"]
[BlackElo "1120"]
[PlyCount "115"]
[EventDate "2018.07.03"]
[EventType "swiss"]
[EventRounds "9"]
[EventCountry "GRE"]
[SourceTitle "EXT 2019"]
[Source "ChessBase"]
[SourceDate "2018.10.10"]
[SourceVersion "1"]
[SourceVersionDate "2018.10.10"]
[SourceQuality "1"]

1. e4 e5 2. Nf3 Nc6 3. Bb5 Nd4 4. Nxd4 exd4 5. 0-0 Bc5 6. Bc4 c6 7. Bxf7+ Kxf7 8. Qh5+ Ke6 9. Qxc5 Qf6 10. d3 d6 11. Qc4+ Ke7 12. Nd2 Bg4 13. b4 Be6 14. e5 Qxe5 15. Nf3 Bxc4 16. Nxe5 dxe5 17. dxc4 Re8 18. Re1 Kd7 19. Bb2 Nf6 20. Rad1 Kc7 21. c3 dxc3 22. Bxc3 e4 23. Bxf6 gxf6 24. Rd2 Re7 25. Rde2 Rhe8 26. g4 Kd7 27. Kg2 Kd6 28. Kg3 b5 29. Rd1+ Kc7 30. cxb5 cxb5 31. Kf4 Kb6 32. Rd4 a5 33. a3 Rc8 34. Rd6+ Kc7 35. Rxf6 axb4 36. axb4 Kb7 37. Rf5 Kc6 38. Rxe4 Rxe4+ 39. Kxe4 Re8+ 40. Re5 Rf8 41. f4 Ra8 42. Kf5 Ra4 43. Re4 Ra2 44. h4 Rd2 45. g5 Rd5+ 46. Kg4 Rd6 47. f5 h6 48. Re6 hxg5 49. Rxd6+ Kxd6 50. Kxg5 Kd5 51. f6 Kc4 52. f7 Kxb4 53. f8Q+ Ka4 54. Qf4+ b4 55. Qxb4+ Kxb4 56. h5 Kc3 57. h6 Kd2 58. h7 1-0

[Event "GRE-ch U10 Girls"]
[Site "Achaia"]
[Date "2017.06.30"]
[Round "7"]
[White "Tsekoura, Stavroula"]
[Black "Kalamoukou, Giolanta"]
[Result "1/2-1/2"]
[WhiteElo "1027"]
[BlackElo "1168"]
[PlyCount "128"]
[EventDate "2017.06.26"]
[EventType "swiss"]
[EventRounds "9"]
[EventCountry "GRE"]
[SourceTitle "EXT 2018"]
[Source "ChessBase"]
[SourceDate "2017.10.13"]
[SourceVersion "1"]
[SourceVersionDate "2017.10.13"]
[SourceQuality "1"]

1. e4 c6 2. d4 d5 3. e5 Bf5 4. h4 h5 5. Bd3 Bxd3 6. Qxd3 e6 7. f4 c5 8. c3 Nd7 9. Nf3 cxd4 10. cxd4 Bb4+ 11. Bd2 Bxd2+ 12. Nbxd2 Ne7 13. Ng5 Qb6 14. Rb1 Nf5 15. Ndf3 Qa5+ 16. Kf2 Qxa2 17. Qc2 Qc4 18. Qd2 Ke7 19. Rhc1 Qb5 20. Qc3 Rhc8 21. Qa3+ Ke8 22. Rxc8+ Rxc8 23. Qxa7 Rc2+ 24. Kg1 Qe2 25. Qa8+ Ke7 26. Qa3+ Nc5 27. Ne1 Qf2+ 28. Kh1 Qf1+ 29. Kh2 Qxf4+ 30. Kh1 Qxh4+ 31. Nh3 Ng3+ 32. Kg1 Qxd4+ 33. Kh2 Nf1+ 34. Kh1 Rc4 35. Nf3 Ng3+ 36. Kh2 Qg4 37. Nf2 Qg6 38. Rd1 f5 39. exf6+ gxf6 40. Nd2 Rc2 41. Qxg3 Qxg3+ 42. Kxg3 Rxb2 43. Kh4 e5 44. Kxh5 e4 45. Ng4 Ke6 46. Kh4 f5 47. Ne3 f4 48. Ng4 e3 49. Nf3 Rxg2 50. Nd4+ Kd6 51. Nf5+ Kc6 52. Ne5+ Kb6 53. Nf3 Kc6 54. N5d4+ Kd6 55. Rb1 e2 56. Re1 Nd3 57. Rxe2 Rxe2 58. Nxe2 b5 59. Ned4 b4 60. Kh3 Nc5 61. Kg2 b3 62. Nxb3 Nxb3 63. Kf2 Kc5 64. Ne1 Nd4 1/2-1/2

[Event "GRE-ch U10 Girls"]
[Site "Achaia"]
[Date "2017.06.28"]
[Round "4"]
[White "Pletsia, Konstantina"]
[Black "Tsekoura, Stavroula"]
[Result "0-1"]
[WhiteElo "1081"]
[BlackElo "1027"]
[PlyCount "72"]
[EventDate "2017.06.26"]
[EventType "swiss"]
[EventRounds "9"]
[EventCountry "GRE"]
[SourceTitle "EXT 2018"]
[Source "ChessBase"]
[SourceDate "2017.10.13"]
[SourceVersion "1"]
[SourceVersionDate "2017.10.13"]
[SourceQuality "1"]

1. d4 d5 2. Bf4 e6 3. e3 Nf6 4. c3 Be7 5. Nf3 0-0 6. Nbd2 b6 7. Qc2 Bb7 8. Be2 Nbd7 9. 0-0 c5 10. Bb5 cxd4 11. cxd4 Rc8 12. Qb3 h6 13. Rac1 a6 14. Bxd7 Nxd7 15. Rc2 Rxc2 16. Qxc2 Bf6 17. Qc3 Qe7 18. Qc7 Bc8 19. Bd6 Qd8 20. Qb8 Nxb8 21. Bxf8 Qxf8 22. Rc1 Bb7 23. Rc3 Nd7 24. Rc7 Bc8 25. Rc1 e5 26. dxe5 Nxe5 27. Nxe5 Bxe5 28. Nf3 Bxb2 29. Rb1 Qc5 30. h3 Bf5 31. Rd1 Be4 32. Nh4 Qc2 33. Rf1 Bd3 34. Re1 Bc3 35. Rf1 Bxf1 36. Kxf1 Qd1# 0-1

[Event "GRE-ch U10 Girls"]
[Site "Achaia"]
[Date "2017.06.27"]
[Round "3"]
[White "Tsekoura, Stavroula"]
[Black "Mplitsa, Artemis"]
[Result "1/2-1/2"]
[WhiteElo "1027"]
[BlackElo "1188"]
[PlyCount "134"]
[EventDate "2017.06.26"]
[EventType "swiss"]
[EventRounds "9"]
[EventCountry "GRE"]
[SourceTitle "EXT 2018"]
[Source "ChessBase"]
[SourceDate "2017.10.13"]
[SourceVersion "1"]
[SourceVersionDate "2017.10.13"]
[SourceQuality "1"]

1. e4 e5 2. Nf3 Nc6 3. Bb5 a6 4. Bxc6 dxc6 5. d4 exd4 6. Qxd4 Qxd4 7. Nxd4 c5 8. Nb3 Bd7 9. Bg5 f6 10. Bf4 0-0-0 11. Nc3 Bc6 12. Rd1 Rxd1+ 13. Kxd1 b6 14. Kc1 Ne7 15. Rd1 Ng6 16. Be3 Bd6 17. g3 Be5 18. Nd5 Rd8 19. f4 c4 20. Na1 Bd6 21. f5 Ne5 22. Bf4 Ng4 23. Bxd6 Rxd6 24. Nxb6+ Kb7 25. Nxc4 Rxd1+ 26. Kxd1 Bxe4 27. Na5+ Kb6 28. Nc4+ Kc5 29. Nd2 Bxf5 30. Nab3+ Kd5 31. c4+ Kd6 32. h4 Bd3 33. Nc1 Ne3+ 34. Ke1 Bxc4 35. Nxc4+ Nxc4 36. b3 Ne5 37. Ke2 Kd5 38. Ke3 Kc5 39. Ke4 Kb4 40. Kd4 g5 41. hxg5 Nf3+ 42. Ke4 Nxg5+ 43. Kf5 Ka3 44. Kxf6 Ne4+ 45. Kg7 Nxg3 46. Kxh7 Kb2 47. Nd3+ Kxa2 48. Nb4+ Kxb3 49. Nxa6 c6 50. Kg6 Ka4 51. Nc5+ Kb5 52. Nd3 Ne4 53. Kf5 Nc3 54. Ke5 Nd5 55. Kd4 Nb4 56. Ne5 c5+ 57. Kc3 Nc6 58. Nxc6 Kxc6 59. Kc2 c4 60. Kd2 Kd5 61. Kc3 Kc5 62. Kc2 Kb4 63. Kb2 c3+ 64. Kc2 Kc4 65. Kc1 Kb3 66. Kb1 c2+ 67. Kc1 Kc3 1/2-1/2